| 000 | 00747nab a2200253 a 4500 | ||
|---|---|---|---|
| 005 | 20210223131429.0 | ||
| 008 | 991125s1985 mx 000 0 spa u | ||
| 035 | _aUPN01000179002 | ||
| 100 | 1 |
_aSolovieva, Yulia _933804 |
|
| 222 | _aCULTURA Y EDUCACION : | ||
| 222 | _bREVISTA DE TEORIA, INVESTIGACION Y PRACTICA | ||
| 245 | _aFormación de conceptos numéricos iniciales en una población de niños mexicanos | ||
| 260 | _aMadrid, España | ||
| 300 | _a345-361 | ||
| 362 | 0 | _a2010 Vol. 22, no. 3, oct. | |
| 653 | 0 | _aNUMERO | |
| 653 | 0 | _aEDUCACION PRIMARIA | |
| 653 | 0 | _aACCIONES MENTALES | |
| 700 | 1 | _aOrtiz Moncada, Gerardo, | |
| 700 | 1 | _ecoaut. | |
| 700 | 1 | _aQuintanar Rojas, Luis, | |
| 700 | 1 | _ecoaut. | |
| 905 | _aArticulo | ||
| 999 |
_c151105 _d151105 |
||